00994 a2200205 45000010006000000050017000060080041000230030015000640400040000790800017001192450053001360200018001892500012002072640053002193000024002725050367002960410008006631000018006718560099006894982520260407155759.0260407a2002 arg spa dAR-UNSa-BCEJYS aAR-UNSa-BCEJYSbspacAR-UNSa-BCEJYS a512xAlgebra10aMatemáticas para administración y economía a970-686-120-3 a2a. ed. 1aMéxico :bInternational Thomson Editoresc2002 axii, 992 p.c26 cm. a1. Fundamentos de álgebra – 2. Funciones y sus gráficas – 3. Funciones exponenciales y logarítmicas – 4. Matemáticas financieras – 5. Sistemas de ecuaciones lineales y matrices – 6. Programación lineal – 7. Conjuntos y probabilidades – 8. Derivada – 9. Aplicaciones de la derivada – 10. Integración – 11. Cálculo multivariable. aspa1 aTan, Soo Tang41uhttps://www.biblioeco.unsa.edu.ar/pmb/images/libros/L128203.jpgyImagen de portadaqimage/jpeg